000
00321nam a22001337a 4500
008
180927b xxu||||| |||| 00| 0 eng d
020
_a
9780323075831
041
_a
eng
080
_2
3 ED
_a
610
100
_a
3
101
_a
NUR
245
_a
For Long Term Care Nursing Assisyants
_c
Soorentino .j
942
_2
udc
_c
BK
999
_c
48570
_d
48570